Statistics for Name All The Scream(1996)Characters

Click here to take the quiz!

General Stats

  • This quiz has been taken 410 times
    (90 since last reset)
  • The average score is 9 of 14

Answer Stats

CharacterActor% Correct
Gale/ WeathersCourteney Cox
90%
Sidney/ PrescottNeve Campbell
90%
Billy/ LoomisSkeet Ulrich
89%
Casey/ BeckerDrew Barrymore
87%
Stu/ MacherMatthew Lillard
86%
Dewey/ RileyDavid Arquette
83%
Tatum/ RileyRose McGowan
82%
Randy/ MeeksJamie Kennedy
69%
Cotton/ WearyLiev Schreiber
48%
GhostfaceRoger L. Jackson
43%
Steve/ OrthKevin Patrick Walls
40%
Principal/ HimbryHenry Winkler
39%
Neil/ PrescottLawrence Hecht
31%
Casey's MomCarla Hatley
11%

Score Distribution

Percentile by Number Answered

Percent of People with Each Score

Your Score History

You have not taken this quiz since the last reset